000 00674nam a2200241 i 4500
001 C2-0286334
003 PPAK
005 20180728015814.0
008 080122s2003 ctua|||| ||||| | eng d
020 _a1596430516
040 _aPPAK
_beng
_cPPAK
_erda
082 0 4 _a823
_223
090 0 0 _a823
_bOSB
_dLCK
100 1 _aOsborne, Mary Pope,
_eauthor
245 1 0 _aHappy birthday, America
264 1 _aConnecticut :
_bRoaring Brook Press ,
_c2003
300 _a[30 pages] :
_bcolour illustrations ;
_c25 cm
336 _2rdacontent
_atext
337 _2rdamedia
_aunmediated
338 _2rdacarrier
_avolume
650 1 0 _aChildren's stories, English
942 _ddc
_cB
999 _c92094
_d92094